EPIIC 2nd Midterm: South Asia Quiz Stats

 Plays Quiz not verified by Sporcle

Challenge
Share
Tweet
Embed
Score 0/15 Timer 10:00
0 Plays Today
Description Name % Correct
Most of what country was known as 'Mahasthan' during 13th-15th centuries?Bangladesh
66.7%
Name of Sri Lanka before 1972?Ceylon
66.7%
Means 'home rule'swaraj
66.7%
What percentage of Sri Lankans are Sinhalese?74
60%
1958 act that instituted police in Northeast, creating a 'sub-India' Armed Forces Special Powers Act
50%
Assassinated on May 29,1981 Ziaur Rahman
43.3%
Many women in Indian mental hospitals find themselves there following adivorce
40%
The Agartala conspiracy brought charges against whom?Sheikh Mujibur Rahman
36.7%
Description Name % Correct
Year 5 million died in famine in Bangladesh1943
33.3%
The 1940 Lahore Declaration call for 'independent states' was followed by the ____, which called for 'an independent state'Delhi Declaration of 1946
30%
Removed in coup planned by ErshadAbdus Sattar
30%
Name of the region that is Nepal's 'food basket'?Tarai
26.7%
Dominant Nepalese subgroupCaste Hill Hindu Elite
23.3%
Upazillas are (1 word) sub-districts
23.3%
Bangladeshi dynasty 750-1155AD, BuddhistsPala
20%

You're not logged in!

Compare scores with friends on all Sporcle quizzes.
Join for Free
OR
Log In

You Might Also Like...

Show Comments

Extras

Top Quizzes Today


Score Distribution

Your Account Isn't Verified!

In order to create a playlist on Sporcle, you need to verify the email address you used during registration. Go to your Sporcle Settings to finish the process.

Report this User

Report this user for behavior that violates our Community Guidelines.

Details: